000 01352cam a2200229 4500
001 J125040
008 111205n2004 000 0 eng u
035 _a(Sirsi) u125040
041 _aeng
050 _a711.1
_c18
110 _aUnited Kingdom
_bOffice of the Deputy Prime Minister
245 _aContributing to sustainable communities
_ba new approach to planning obligations
260 _aLondon
_bODPM
_c2004
520 _aPresents government proposals to reform and improve planning obligations (section 106 agreements). The proposals are intended to provide greater transparency and certainty for stakeholders and help enable developers and local planning authorities to avoid delays. These obligations make developers donate to the local community through cash or a contribution towards local infrastructure.Government also hopes to use negotiation to tailor such contributions to the circumstances of an individual site and to promote flexibility.
650 _aPLANNING OBLIGATIONS
650 _aSUSTAINABLE COMMUNITIES
650 _aLOCAL AUTHORITIES
650 _aLOCAL DEVELOPMENT FRAMEWORKS
690 _aENVIRONMENTAL AND LAND CONSULTANCY-PLANNING AND DEVELOPMENT
856 _uhttps://www.communities.gov.uk/documents/planningandbuilding/pdf/157362.pdf
_zView the report free of charge at www.communities.gov.uk
942 _n0
999 _c103330
_d103330